<?xml version="1.0" encoding="UTF-8"?>
<record
    xmlns:xsi="http://www.w3.org/2001/XMLSchema-instance"
    xsi:schemaLocation="http://www.loc.gov/MARC21/slim http://www.loc.gov/standards/marcxml/schema/MARC21slim.xsd"
    xmlns="http://www.loc.gov/MARC21/slim">

  <leader>00658nam a22002297a 4500</leader>
  <controlfield tag="005">20170123162317.0</controlfield>
  <datafield tag="010" ind1=" " ind2=" ">
    <subfield code="a">A-998719</subfield>
  </datafield>
  <datafield tag="020" ind1=" " ind2=" ">
    <subfield code="c">00.00</subfield>
  </datafield>
  <datafield tag="035" ind1=" " ind2=" ">
    <subfield code="a">A-998719</subfield>
  </datafield>
  <datafield tag="037" ind1=" " ind2=" ">
    <subfield code="b">Cen Lib/Ret</subfield>
  </datafield>
  <datafield tag="040" ind1=" " ind2=" ">
    <subfield code="a">DPL</subfield>
    <subfield code="b">UR</subfield>
  </datafield>
  <datafield tag="082" ind1=" " ind2=" ">
    <subfield code="a">841</subfield>
    <subfield code="b">&#x639; &#x627; &#x628;</subfield>
  </datafield>
  <datafield tag="100" ind1=" " ind2=" ">
    <subfield code="a">&#x639;&#x627;&#x628;&#x62F; &#x646;&#x638;&#x62F; &#x646;&#x638;&#x631; </subfield>
    <subfield code="9">506</subfield>
  </datafield>
  <datafield tag="245" ind1=" " ind2=" ">
    <subfield code="a">&#x62A;&#x627;&#x631;  &#x646;&#x638;&#x631;  /</subfield>
    <subfield code="c">&#x639;&#x627;&#x628;&#x62F; &#x646;&#x638;&#x62F; &#x646;&#x638;&#x631; </subfield>
  </datafield>
  <datafield tag="246" ind1=" " ind2=" ">
    <subfield code="a">Tar-e-nazar /</subfield>
    <subfield code="b">by Abid Nazad Nazar</subfield>
  </datafield>
  <datafield tag="300" ind1=" " ind2=" ">
    <subfield code="a">144p.</subfield>
    <subfield code="c">21cm(Hb)</subfield>
  </datafield>
  <datafield tag="650" ind1=" " ind2=" ">
    <subfield code="a"> &#x627;&#x62F;&#x628; - &#x627;&#x631;&#x62F;&#x648;</subfield>
    <subfield code="v"> </subfield>
    <subfield code="9">115164</subfield>
  </datafield>
  <datafield tag="650" ind1=" " ind2=" ">
    <subfield code="a">&#x627;&#x631;&#x62F;&#x648; &#x646;&#x638;&#x645;    </subfield>
    <subfield code="9">115165</subfield>
  </datafield>
  <datafield tag="650" ind1=" " ind2=" ">
    <subfield code="a">Literature -- Urdu </subfield>
    <subfield code="9">115166</subfield>
  </datafield>
  <datafield tag="650" ind1=" " ind2=" ">
    <subfield code="a">Urdu poetry</subfield>
    <subfield code="9">115167</subfield>
  </datafield>
  <datafield tag="942" ind1=" " ind2=" ">
    <subfield code="2">ddc</subfield>
    <subfield code="c">UR</subfield>
    <subfield code="h">841</subfield>
    <subfield code="m"> &#x639; &#x627; &#x628;</subfield>
  </datafield>
  <datafield tag="999" ind1=" " ind2=" ">
    <subfield code="c">106792</subfield>
    <subfield code="d">106792</subfield>
  </datafield>
  <datafield tag="952" ind1=" " ind2=" ">
    <subfield code="0">0</subfield>
    <subfield code="1">0</subfield>
    <subfield code="4">0</subfield>
    <subfield code="7">0</subfield>
    <subfield code="a">L</subfield>
    <subfield code="b">L</subfield>
    <subfield code="d">2015-12-29</subfield>
    <subfield code="e">Cen Lib/Ret</subfield>
    <subfield code="g">0.00</subfield>
    <subfield code="l">2</subfield>
    <subfield code="m">1</subfield>
    <subfield code="o">841 &#x639; &#x627; &#x628;</subfield>
    <subfield code="p">A-998719</subfield>
    <subfield code="r">2021-03-10 00:00:00</subfield>
    <subfield code="s">2021-02-20</subfield>
    <subfield code="t">1</subfield>
    <subfield code="v">0.00</subfield>
    <subfield code="w">2015-12-29</subfield>
    <subfield code="y">UR</subfield>
  </datafield>
</record>
